FAO fisheries technical paper; No.383 Fuel and financial savings for operators of small fishing vessels

The book is divided into two major sections: The first discusses changes in operational techniques rather than changes in technology; the second presents information of relevance to vessel operators who are either considering the construction of a new vessel or overhauling and re-equipping an existi...

Ful tanımlama

Kaydedildi:
Detaylı Bibliyografya
Yazar: J D. K Wilson
Materyal Türü: Kitap
Dil:Undetermined
Baskı/Yayın Bilgisi: Rome FAO 1999
Konular:
Etiketler: Etiketle
Etiket eklenmemiş, İlk siz ekleyin!
Thư viện lưu trữ: Trung tâm Học liệu Trường Đại học Cần Thơ
LEADER 00865nam a2200193Ia 4500
001 CTU_36568
008 210402s9999 xx 000 0 und d
082 |a 639 
082 |b F533/N383 
100 |a J D. K Wilson 
245 0 |a FAO fisheries technical paper; No.383 
245 0 |b Fuel and financial savings for operators of small fishing vessels 
245 0 |c J D. K Wilson, FAO 
260 |a Rome 
260 |b FAO 
260 |c 1999 
520 |a The book is divided into two major sections: The first discusses changes in operational techniques rather than changes in technology; the second presents information of relevance to vessel operators who are either considering the construction of a new vessel or overhauling and re-equipping an existing vessel. 
650 |a fisheries - economic aspects 
980 |a Trung tâm Học liệu Trường Đại học Cần Thơ